[Event "TUR Cup"]
[Site "Antalya"]
[Date "2019.01.30"]
[Round "5"]
[White "Bulut, Nazim"]
[Black "Yaziciogullari, Ali Emre"]
[Result "1-0"]
[WhiteElo "1496"]
[BlackElo "1675"]
[PlyCount "119"]
[EventDate "2019.01.27"]
[EventType "swiss"]
[EventRounds "11"]
[EventCountry "TUR"]
[SourceTitle "CBM 188 Extra"]
[Source "ChessBase"]
[SourceDate "2019.02.28"]
[SourceVersion "1"]
[SourceVersionDate "2019.02.28"]
[SourceQuality "1"]

1. e4 c5 2. Bc4 Nc6 3. Nf3 e6 4. d3 a6 5. a3 g6 6. Ba2 Bg7 7. Nbd2 Nge7 8. Nc4 d5 9. exd5 exd5 10. Ne3 0-0 11. 0-0 b5 12. Re1 h6 13. h3 Bb7 14. Nf1 Qc7 15. c3 Rfe8 16. Bd2 Rad8 17. Qc1 Kh7 18. Bf4 Qd7 19. d4 cxd4 20. cxd4 Nxd4 21. Ne5 Bxe5 22. Bxe5 Nec6 23. Bxd4 Nxd4 24. Qd2 Rxe1 25. Rxe1 Nf5 26. Bb1 d4 27. Bd3 Nh4 28. Be4 Bxe4 29. Rxe4 Nf5 30. Nh2 Qd5 31. Ng4 Kg7 32. Re5 Qd6 33. h4 h5 34. Rxf5 hxg4 35. Rf4 d3 36. Rxg4 Qe6 37. f3 Qe2 38. Qxe2 dxe2 39. Kf2 Rd2 40. Rb4 e1Q+ 41. Kxe1 Rxg2 42. Kf1 Rc2 43. Kg1 Kf6 44. a4 Rc4 45. Rxc4 bxc4 46. Kf2 Ke5 47. Ke3 f6 48. f4+ Kf5 49. Kf3 a5 50. Kg3 Ke6 51. Kg4 f5+ 52. Kg5 Kf7 53. h5 gxh5 54. Kxf5 Kg7 55. Kg5 Kf7 56. Kxh5 Kf6 57. Kg4 Kg6 58. Kf3 Kf5 59. Ke3 Kf6 60. Kd4 1-0

[Event "TUR Cup"]
[Site "Antalya"]
[Date "2019.01.30"]
[Round "6"]
[White "Yaziciogullari, Ali Emre"]
[Black "Saglamer, Aysen"]
[Result "1-0"]
[WhiteElo "1675"]
[BlackElo "1499"]
[PlyCount "101"]
[EventDate "2019.01.27"]
[EventType "swiss"]
[EventRounds "11"]
[EventCountry "TUR"]
[SourceTitle "CBM 188 Extra"]
[Source "ChessBase"]
[SourceDate "2019.02.28"]
[SourceVersion "1"]
[SourceVersionDate "2019.02.28"]
[SourceQuality "1"]

1. e4 e5 2. Nf3 Nc6 3. d4 exd4 4. Nxd4 Bb4+ 5. c3 Bc5 6. Be3 Bb6 7. Nf5 Bxe3 8. Nxe3 Nf6 9. f3 d6 10. c4 0-0 11. Nc3 Nd7 12. Qd2 Nc5 13. 0-0-0 Be6 14. f4 f5 15. exf5 Bxf5 16. Nxf5 Rxf5 17. g4 Rf8 18. h4 a5 19. h5 a4 20. Kb1 Ra6 21. h6 g6 22. f5 Ne5 23. fxg6 Nxg6 24. Bg2 Kh8 25. Rhf1 Ra8 26. Ne4 Ne6 27. Rf5 Ne5 28. Qc3 Qe7 29. Rxe5 dxe5 30. Qxe5+ Kg8 31. g5 Rae8 32. Nf6+ Rxf6 33. gxf6 Qf7 34. Bd5 Kf8 35. Qf5 c6 36. Bxe6 Qxe6 37. Qxh7 Qxf6 38. Rg1 Qf7 39. Qh8+ Ke7 40. Re1+ Kd7 41. Qxe8+ Qxe8 42. Rxe8 Kxe8 43. Kc2 Kf7 44. Kc3 Kg6 45. Kb4 Kxh6 46. Kxa4 Kg6 47. Ka5 Kf6 48. Kb6 Ke6 49. Kxb7 Kd6 50. Kb6 Kd7 51. c5 1-0

[Event "TUR Cup"]
[Site "Antalya"]
[Date "2019.01.28"]
[Round "2"]
[White "Yaziciogullari, Ali Emre"]
[Black "Eryigit, Cengiz"]
[Result "1-0"]
[WhiteElo "1675"]
[BlackElo "1194"]
[PlyCount "79"]
[EventDate "2019.01.27"]
[EventType "swiss"]
[EventRounds "11"]
[EventCountry "TUR"]
[SourceTitle "CBM 188 Extra"]
[Source "ChessBase"]
[SourceDate "2019.02.28"]
[SourceVersion "1"]
[SourceVersionDate "2019.02.28"]
[SourceQuality "1"]

1. e4 d5 2. exd5 Nf6 3. d4 Bg4 4. Be2 Bf5 5. c4 e6 6. dxe6 Bxe6 7. Nf3 Bb4+ 8. Bd2 Bxd2+ 9. Nbxd2 0-0 10. 0-0 c6 11. b3 Nbd7 12. Qc2 h6 13. Rfe1 Nb6 14. Rad1 Qc7 15. Ne4 Bf5 16. Nxf6+ gxf6 17. Qxf5 Qd7 18. Qxf6 Qg4 19. Qxh6 Rae8 20. Ne5 Qg7 21. Qh3 Re6 22. Rd3 Rh6 23. Qxh6 Qxh6 24. Rg3+ Kh8 25. Rh3 Qxh3 26. gxh3 Rg8+ 27. Kf1 Nc8 28. Nxf7+ Kg7 29. Ne5 Nd6 30. Bg4 b5 31. c5 Ne8 32. Nxc6 Nf6 33. d5 Nxd5 34. Be6 Rh8 35. Bxd5 Rxh3 36. Nxa7 Rh5 37. Rd1 Rxh2 38. c6 Rh3 39. Nxb5 Rc3 40. Nxc3 1-0

[Event "TUR Cup										"]
[Site "Antalya"]
[Date "2018.02.02"]
[Round "10"]
[White "Baylav, Bartu"]
[Black "Yaziciogullari, Ali Emre"]
[Result "1-0"]
[WhiteElo "1754"]
[BlackElo "1661"]
[PlyCount "77"]
[EventDate "2018.01.27"]
[EventType "swiss"]
[EventRounds "11"]
[EventCountry "TUR"]
[SourceTitle "CBM 182 Extra"]
[Source "ChessBase"]
[SourceDate "2018.02.23"]
[SourceVersion "1"]
[SourceVersionDate "2018.02.23"]
[SourceQuality "1"]

1. d4 Nf6 2. c4 g6 3. Nc3 Bg7 4. e4 d6 5. Nge2 0-0 6. Ng3 c5 7. d5 e6 8. f3 exd5 9. cxd5 a6 10. a4 h5 11. Bg5 Qa5 12. Ra3 Re8 13. Be2 Nbd7 14. 0-0 Nh7 15. Bf4 h4 16. Nh1 Bd4+ 17. Nf2 g5 18. Bd2 Qd8 19. Qc1 Ne5 20. Be3 Bxe3 21. Qxe3 Ng6 22. Rb1 Nf4 23. Nd3 Qf6 24. Bf1 Nf8 25. b4 cxb4 26. Rxb4 N8g6 27. Rab3 Nxd3 28. Bxd3 g4 29. fxg4 Bxg4 30. Rxb7 Ne5 31. h3 Kh7 32. hxg4 Nxg4 33. Qf3 Qd4+ 34. Kh1 Nf2+ 35. Kh2 Kh6 36. Qf4+ Kh5 37. Qxf7+ Kh6 38. Qh7+ Kg5 39. Qf5+ 1-0

[Event "TUR Cup										"]
[Site "Antalya"]
[Date "2018.01.30"]
[Round "5"]
[White "Yaziciogullari, Ali Emre"]
[Black "Bolukdemir, Mert"]
[Result "1-0"]
[WhiteElo "1661"]
[BlackElo "1589"]
[PlyCount "41"]
[EventDate "2018.01.27"]
[EventType "swiss"]
[EventRounds "11"]
[EventCountry "TUR"]
[SourceTitle "CBM 182 Extra"]
[Source "ChessBase"]
[SourceDate "2018.02.23"]
[SourceVersion "1"]
[SourceVersionDate "2018.02.23"]
[SourceQuality "1"]

1. e4 d5 2. exd5 Qxd5 3. Nc3 Qa5 4. d4 Nf6 5. Nf3 Bg4 6. h3 Bxf3 7. Qxf3 c6 8. Bc4 e6 9. 0-0 Nbd7 10. Bb3 g6 11. Bd2 Bg7 12. Ne4 Qc7 13. Bf4 e5 14. Nxf6+ Bxf6 15. Bxe5 Bxe5 16. Qxf7+ Kd8 17. dxe5 Qxe5 18. Rad1 Qe8 19. Qf6+ Kc7 20. Qd6+ Kc8 21. Rfe1 1-0

[Event "Enez op"]
[Site "Enez"]
[Date "2018.??.??"]
[Round "3"]
[White "Yaziciogullari, Ali Emre"]
[Black "Mohannad, Farhan"]
[Result "0-1"]
[WhiteElo "1661"]
[BlackElo "2242"]
[PlyCount "158"]
[EventDate "2018.09.15"]
[EventType "swiss"]
[EventRounds "9"]
[EventCountry "TUR"]
[SourceTitle "EXT 2019"]
[Source "ChessBase"]
[SourceDate "2018.10.10"]
[SourceVersion "1"]
[SourceVersionDate "2018.10.10"]
[SourceQuality "1"]

1. e4 d5 2. exd5 Qxd5 3. Nc3 Qd6 4. d4 c6 5. Nf3 Nf6 6. Ne5 Be6 7. Bf4 Qd8 8. Be2 g6 9. Qd2 Nbd7 10. Nxd7 Bxd7 11. Be5 Bg7 12. 0-0-0 Qa5 13. Kb1 Be6 14. Bf3 0-0 15. a3 Rfd8 16. Ne4 Qxd2 17. Nxd2 Bd5 18. Bxd5 cxd5 19. f3 Rac8 20. g4 Rc6 21. h4 h5 22. g5 Ne8 23. Rhe1 Bxe5 24. Rxe5 e6 25. Nf1 Nd6 26. Ne3 b5 27. c3 a5 28. Nc2 Nf5 29. Rh1 Rb8 30. Ree1 Rcb6 31. Rd1 Kg7 32. Rh2 Rf8 33. Rd3 Ne7 34. Re3 f6 35. f4 fxg5 36. fxg5 Rf4 37. Reh3 Rf1+ 38. Ka2 Nc6 39. Re3 Kf7 40. Ree2 Ne7 41. Rhf2+ Rxf2 42. Rxf2+ Nf5 43. Kb1 Kg7 44. Rf4 Rc6 45. Kc1 Rc4 46. Rf1 Nxh4 47. Rf6 Rc6 48. Ne3 Rd6 49. Kd2 Rd7 50. Rxe6 Nf3+ 51. Ke2 Nxg5 52. Re5 Nf7 53. Rxd5 Rxd5 54. Nxd5 Nd6 55. b3 g5 56. Ne3 a4 57. bxa4 bxa4 58. c4 Kf7 59. d5 Nb7 60. Kd3 g4 61. Kd4 g3 62. Ng2 Nd6 63. c5 h4 64. Nxh4 Nf5+ 65. Ke4 Nxh4 66. Ke3 Ke7 67. Ke2 Kd7 68. Ke3 Ng2+ 69. Kf3 Nf4 70. Kxg3 Nxd5 71. Kf3 Kc6 72. Ke4 Kxc5 73. Kd3 Nb6 74. Kc3 Nc4 75. Kc2 Nxa3+ 76. Kb2 Kb4 77. Ka2 Nc4 78. Kb1 Kb3 79. Ka1 Ne3 0-1